|
|
|
|
| LEADER |
01645cas a2200241 a 4500 |
| 001 |
AALejournalIMF001065 |
| 008 |
230101c9999 xx r poo 0 0eng d |
| 020 |
|
|
|c 5.00 USD
|
| 020 |
|
|
|z 9781451806342
|
| 022 |
|
|
|a 1934-7685
|
| 040 |
|
|
|a BD-DhAAL
|c BD-DhAAL
|
| 110 |
2 |
|
|a International Monetary Fund.
|
| 245 |
1 |
0 |
|a Botswana :
|b Selected Issues and Statistical Appendix.
|
| 264 |
|
1 |
|a Washington, D.C. :
|b International Monetary Fund,
|c 1999.
|
| 300 |
|
|
|a 1 online resource (96 pages)
|
| 490 |
1 |
|
|a IMF Staff Country Reports
|
| 500 |
|
|
|a <strong>Off-Campus Access:</strong> No User ID or Password Required
|
| 500 |
|
|
|a <strong>On-Campus Access:</strong> No User ID or Password Required
|
| 506 |
|
|
|a Electronic access restricted to authorized BRAC University faculty, staff and students
|
| 520 |
3 |
|
|a This Selected Issues paper and Statistical Appendix analyzes economic developments in Botswana during the 1990s. The paper analyzes the growth process during 1982/83-1996/97 by assessing the contribution of capital, labor, and technological progress, both at the macroeconomic and sectoral levels. The paper examines the diversification initiatives undertaken by Botswana and the extent to which diversification and employment creation have been achieved. It provides the background to the unemployment problem, and summarizes Botswana's policy initiatives to diversify and create sustainable employment.
|
| 538 |
|
|
|a Mode of access: Internet
|
| 830 |
|
0 |
|a IMF Staff Country Reports; Country Report ;
|v No. 1999/132
|
| 856 |
4 |
0 |
|z Full text available on IMF
|u http://elibrary.imf.org/view/journals/002/1999/132/002.1999.issue-132-en.xml
|z IMF e-Library
|